Normal view
MARC view
- Diplomats
Entry Topical Term
001 - CONTROL NUMBER
- control field: 11283
003 - CONTROL NUMBER IDENTIFIER
- control field: NUST
005 - DATE AND TIME OF LATEST TRANSACTION
- control field: 20180627064329.0
008 - FIXED-LENGTH DATA ELEMENTS
- fixed length control field: 180627|| aca||aabn | a|a d
040 ## - CATALOGING SOURCE
- Original cataloging agency: NUST
- Transcribing agency: NUST
150 ## - HEADING--TOPICAL TERM
- Topical term or geographic name entry element: Diplomats
- Geographic subdivision: India
- Form subdivision: Biography.
670 ## - SOURCE DATA FOUND
- Source citation: Work cat.: (NUST)0: Natwar-Singh, K., author. 11281, One life is not enough :
